000 00424nam a2200181Ia 4500
005 20250423100738.0
008 250422s9999 xx 000 0 und d
020 _a8122417361
050 _aQP 514.2 .J67/
100 _aJoshi, R. A.
245 0 _aQuestion of biochemistry
260 _aNew Delhi
260 _bNew Age International Limited
260 _c2006
300 _a205 p
650 _aScience
942 _cBK
999 _c34221
_d34221